MARC details
| 000 -CABECERA |
| campo de control de longitud fija |
02120nam a2200325 i 4500 |
| 001 - NÚMERO DE CONTROL |
| campo de control |
991061720912806706 |
| 003 - IDENTIFICADOR DEL NÚMERO DE CONTROL |
| campo de control |
ES-BaIT |
| 005 - FECHA Y HORA DE LA ÚLTIMA TRANSACCIÓN |
| campo de control |
20260219125635.0 |
| 008 - DATOS DE LONGITUD FIJA--INFORMACIÓN GENERAL |
| campo de control de longitud fija |
260219e202401 fr a r 000 d fre c |
| 020 ## - NÚMERO INTERNACIONAL ESTÁNDAR DEL LIBRO |
| Número Internacional Estándar del Libro |
9782749816258 |
| 040 ## - FUENTE DE LA CATALOGACIÓN |
| Centro catalogador/agencia de origen |
ES-BaIT |
| Lengua de catalogación |
cat |
| Normas de descripción |
rda |
| Centro/agencia transcriptor |
ES-BaIT |
| 080 ## - NÚMERO DE LA CLASIFICACIÓN DECIMAL UNIVERSAL |
| Número de la Clasificación Decimal Universal |
840-2"19" |
| 100 1# - ENTRADA PRINCIPAL--NOMBRE DE PERSONA |
| Nombre de persona |
Tré-Hardy, Pierre |
| Término indicativo de función/relación |
autor |
| 9 (RLIN) |
168549 |
| 245 13 - MENCIÓN DE TÍTULO |
| Título |
Le Syndrome de l'oiseau / |
| Mención de responsabilidad, etc. |
Pierre Tré-Hardy |
| 264 #1 - PRODUCCIÓN, PUBLICACIÓN, DISTRIBUCIÓN, FABRICACIÓN Y COPYRIGHT |
| Producción, publicación, distribución, fabricación y copyright |
Paris : |
| Nombre del de productor, editor, distribuidor, fabricante |
L'avant-scène théatre, |
| Fecha de producción, publicación, distribución, fabricación o copyright |
janvier 2024 |
| 300 ## - DESCRIPCIÓN FÍSICA |
| Extensión |
67 pàgines, 14 pàgines sense numerar, 13 pàgines de làmines sense numerar : |
| Otras características físicas |
il·lustracions ; |
| Dimensiones |
21 cm |
| 336 ## - TIPO DE CONTENIDO |
| Término de tipo de contenido |
text |
| Código de tipo de contenido |
txt |
| Fuente |
rdacontent |
| 336 ## - TIPO DE CONTENIDO |
| Término de tipo de contenido |
imatge fixa |
| Código de tipo de contenido |
sti |
| Fuente |
rdacontent |
| 337 ## - TIPO DE MEDIO |
| Nombre/término del tipo de medio |
sense mediació |
| Código del tipo de medio |
n |
| Fuente |
rdamedia |
| 338 ## - TIPO DE SOPORTE |
| Nombre/término del tipo de soporte |
volum |
| Código del tipo de soporte |
nc |
| Fuente |
rdacarrier |
| 490 1# - MENCIÓN DE SERIE |
| Mención de serie |
Avant-scène théâtre ; |
| Designación de volumen o secuencia |
no 1553 |
| 500 ## - NOTA GENERAL |
| Nota general |
P2: D1, H1 i altres |
| 500 ## - NOTA GENERAL |
| Nota general |
Publicat com no 1553 ( janvier 2024) de la revista L'Avant-scène théâtre |
| 500 ## - NOTA GENERAL |
| Nota general |
Estrena Théâtre du Rond-Point, el 18 de gener de 2023 |
| 520 ## - SUMARIO, ETC. |
| Sumario, etc. |
"Elle, cèst Ève, jeune femme figée dans une attente tissée d'espoirs, de lutte silencieuse, de découragements. Elle rêve de s'échapper, avec son bébé, de l'appartement où elle est enfermée. Lui, c'est Franck, le compagnon tyrannique, geôlier qui justifie la réclusion de sa bien-aimée par la fragilité de celle-ci. Mais quel est le lien qui les unit véritablement? Lequel de ces deux êtres est le plus libre, ou emmuré dans sa folie? Pierre Tré-Hardy écrit du théâtre depuis l'âge de 20 ans. Ses textes sont joues en France et à l'étranger, par de grands comédiens - tels que Michel Galabru, Marie-Christine Barrault, Sarah Biasini ou encore Niels Arestrup - et dans des mises en scène de prestige - Didier Long, Anne Bourgeois, etc. Son dernier ouvrage, le thriller Sanction, est paru en 2020 (Souffles littéraires). Il signe ici un huis clos aussi glaçant que puissant, dont ni le spectateur ni le lecteur ne sortiront indemnes"-- |
| Fuente proveedora |
Contracoberta |
| 830 ## - PUNTO DE ACCESO ADICIONAL DE SERIE-TÍTULO UNIFORME |
| Título uniforme |
Avant-scène. |
| Nombre de parte o sección de la obra |
Théâtre |
| Designación de volumen o secuencia |
no 1553 |
| 9 (RLIN) |
168170 |
| 908 ## - COLOCAR PARÁMETRO DE COMANDO (RLIN) |
| Colocar parámetro de comando |
CDMAE |
| 940 ## - EQUIVALENCIA O REFERENCIA-CRUZADA--TÍTULO UNIFORME [OBSOLETO] [solamente CAN/MARC] |
| Título uniforme |
<a href="CDMAE">CDMAE</a> |
| 942 ## - ELEMENTOS DE ENTRADA AGREGADA (KOHA) |
| Fuente del sistema de clasificación o colocación |
Clasificación decimal universal |
| Tipo de ítem Koha |
Llibre |